Statistics for Guess the Geoguessr country map by the description

Click here to take the quiz!

General Stats

  • This quiz has been taken 158 times
  • The average score is 11 of 15

Answer Stats

Description
Country% Correct
Mahlzeit and welcome to [country]! Put the pedal to the metal on Autobahn, the highways where there’s no speed limit. For some fun settle down in Munich at the end of September and beginning of October for the Oktoberfest celebrations - a beer festival and carnival. Dress up in your best lederhosen or dirndl and join the party!Germany
96%
The home of the kangaroo and the koala, the vast outback and the great barrier reef. It's the world's smallest continent but also the planet's sixth largest country. Welcome to the land down under!Australia
91%
The world’s most elephant dense country is found in landlocked [country], where also a unique near-quadripoint comes together - the four borders of Namibia, [country], Zambia and Zimbabwe. Come along and roam right through the national parks - don’t be surprised if you see a few of the Big Five!Botswana
85%
Hop on a colorful jeepney in the capital of [capital] and go explore the oldest Chinatown in the world and historical buildings like [capital] City Hall and the San Agustin Church. Drink a cooling halo-halo to get a full Filipino cuisine experience.Philippines
84%
From the towering Andes in the west to the great Atlantic in the east. Spanning from the lush never-ending plains of the Pampas to the pulsating, soccer-loving cities in between. Don't forget to practice your tango steps on the way!Argentina
83%
[country] is named from it’s geographical position at the equator and as a result the sun rises at 6 o’clock AM and sets at 6 o’clock PM - every single day. Darwin’s discoveries at the Galápagos Islands lives on with [country] being a megadiverse country with many endemic bird species. Bring the binoculars and bird checklist and get going!Ecuador
82%
[country] is famed for its mountains and spectacular fjord coastline, as well as its history as a seafaring power. About two-thirds of [country] is mountainous, and off its much-indented coastline lie, carved by deep glacial fjords, some 50,000 islands.Norway
82%
[country] is an absolute monarchy and King Sobhuza II holds the world record for longest reigning monarch, 82 years and 253 days between 1899 to 1982. Dance and music are a large part of the Swazi culture, partake by visiting one of many festivals and events!Eswatini
78%
Cash is king and remember to drive on the left side in this equatorial country in Southeast Asia. Penang Island is considered the food capital of Asia so stroll down the streets of George Town for a tasty, delicious experience!Malaysia
74%
Welcome to [country]! A landlocked mountainous country in Central Asia boasting eleven national parks. Saddle up - horse riding is a national sport, how about a round of oodarysh? That would be wrestling from horsebacks - a sport featured in the World Nomad Games.Kyrgyzstan
73%
Put both palms together as a lotus flower to learn the greeting sampeah and forget about the handshake or wave. Get the haggling skill in order, smile and go to town at the markets, like the one in Siem Reap. From there Angkor Wat is nearby, the world’s largest religious monument!Cambodia
72%
Whether you’re a hard-core adrenaline junkie looking for a backcountry adventure, an explorer on a big road trip or just want to experience the city pulse; The Great White North ticks all the boxes.Canada
70%
Located in one of the geographical midpoints of Europe (depending on how you count) [country] has more than 6000 caves and diverse nature. Visit the High Tatras mountains with glacier lakes and peaks at 2500 meters above sea level and mineral springs in one of many spa resorts.Slovakia
64%
[country] is home to the world’s heaviest building, the immense Palace of Parliament in [capital], the world’s largest flag and the most scenic drive in the world, the Transfăgărășan highway. They have a few more records up their sleeve like the world’s longest sausage and the largest bowl of goulash. See if you can set your own record in this record country!Romania
63%
Marvel at the Old Town of [capital] with alleyways dating back to the 13th century and visit medieval churches. For a more relaxed stay, head to the coast for several spa towns and enjoy the beaches and archipelago!Estonia
32%

Score Distribution

Percentile by Number Answered

Percent of People with Each Score

Your Score History

You have not taken this quiz